| 000 | 00607nam a22002297a 4500 | ||
|---|---|---|---|
| 003 | OSt | ||
| 005 | 20160310192352.0 | ||
| 008 | 160307b xxu||||| |||| 00| 0 eng d | ||
| 020 | _a9780199738519 | ||
| 020 | _a 0199738513 | ||
| 040 | _cDDC | ||
| 082 | _a621.381 SED 2011 | ||
| 100 |
_aSedra, Adel S.; Smith, Kenneth C. _97096 |
||
| 245 | _aMicroelectronic Circuitss | ||
| 250 | _a6th ed. | ||
| 260 | _aOxford University Press, 2011 | ||
| 300 | _axxx,1348p; col.ill: 25.5cm | ||
| 504 | _aAppendix, & index included | ||
| 650 |
_aCircuits _93568 |
||
| 650 |
_aElectronics _9831 |
||
| 942 |
_2z _cO_SHELF |
||
| 999 |
_c3174 _d3174 |
||